Feminine leadership : (Record no. 605)

000 -LEADER
fixed length control field 01738cam a22003498i 4500
001 - CONTROL NUMBER
control field 21215538
003 - CONTROL NUMBER IDENTIFIER
control field OSt
005 - DATE AND TIME OF LATEST TRANSACTION
control field 20251027105654.0
008 - FIXED-LENGTH DATA ELEMENTS--GENERAL INFORMATION
fixed length control field 190924s2020 enk b 001 0 eng
010 ## - LIBRARY OF CONGRESS CONTROL NUMBER
LC control number 2019043337
020 ## - INTERNATIONAL STANDARD BOOK NUMBER
International Standard Book Number 9781138598263
Qualifying information (paperback)
040 ## - CATALOGING SOURCE
Original cataloging agency DLC
Language of cataloging eng
Description conventions rda
Transcribing agency DLC
042 ## - AUTHENTICATION CODE
Authentication code pcc
050 00 - LIBRARY OF CONGRESS CALL NUMBER
Classification number BF637.L4
Item number J57 2020
082 00 - DEWEY DECIMAL CLASSIFICATION NUMBER
Classification number 158/.4
Item number J619 2020
Edition number 23
100 1# - MAIN ENTRY--PERSONAL NAME
Personal name Jironet, Karin,
Relator term author.
245 10 - TITLE STATEMENT
Title Feminine leadership :
Remainder of title personal development beyond polarities /
Statement of responsibility, etc. Karin Jironet.
250 ## - EDITION STATEMENT
Edition statement Second edition.
263 ## - PROJECTED PUBLICATION DATE
Projected publication date 2003
264 #1 - PRODUCTION, PUBLICATION, DISTRIBUTION, MANUFACTURE, AND COPYRIGHT NOTICE
Place of production, publication, distribution, manufacture Milton Park, Abingdon, Oxon ;
-- New York, NY :
Name of producer, publisher, distributor, manufacturer Routledge,
Date of production, publication, distribution, manufacture, or copyright notice 2020.
300 ## - PHYSICAL DESCRIPTION
Extent x, 130pages cm
336 ## - CONTENT TYPE
Content type term text
Content type code txt
Source rdacontent
337 ## - MEDIA TYPE
Media type term unmediated
Media type code n
Source rdamedia
338 ## - CARRIER TYPE
Carrier type term volume
Carrier type code nc
Source rdacarrier
504 ## - BIBLIOGRAPHY, ETC. NOTE
Bibliography, etc. note Includes bibliographical references and index.
520 ## - SUMMARY, ETC.
Summary, etc. "In an accessible and engaging style, Karin Jironet demonstrates the process of personal transformation using Dante's seven sins and virtues, explains the value of psychology and spirituality for leadership roles, and presents a pioneering and refreshed vision of leadership that meets present global demands for social cohesion and sustainability. This revised edition contains updates throughout and presents personal narratives that illustrate the seven virtues of leadership practice in our current socio-political context. This book addresses questions on how leadership is defined, exercised and communicated in contemporary society"--
Assigning source Provided by publisher.
650 #0 - SUBJECT ADDED ENTRY--TOPICAL TERM
Topical term or geographic name entry element Leadership in women.
Topical term or geographic name entry element Jungian psychology.
906 ## - LOCAL DATA ELEMENT F, LDF (RLIN)
a 7
b cbc
c orignew
d 1
e ecip
f 20
g y-gencatlg
942 ## - ADDED ENTRY ELEMENTS
Source of classification or shelving scheme
Item type CIRCULATION BOOK
Holdings
Withdrawn status Lost status Source of classification or shelving scheme Damaged status Not for loan Collection code Permanent Location Current Location Shelving location Date acquired Fund Source Cost, normal purchase price RFID Tag Total Checkouts Full call number Barcode Date last seen Price effective from Item type
          NON-FICTION COLLEGE LIBRARY COLLEGE LIBRARY RESERVED SECTION 2023-07-24 Purchased (Super Pages) 3155.00 10496   158/.4 J619 2020 10496 2023-07-24 2023-07-24 CIRCULATION BOOK